Statistics for Arctic Monkeys Lyrics - Only Ones Who Know

Click here to take the quiz!

General Stats

  • This quiz has been taken 57 times
  • The average score is 143 of 170

Answer Stats

Lyrics% Correct
on
100%
a
97%
know
97%
ones
97%
only
97%
the
97%
The
97%
who
97%
You
97%
you
97%
and
94%
And
94%
are
94%
be
94%
I
94%
in
94%
In
94%
to
94%
Eve
91%
he
91%
that
91%
That
91%
was
91%
your
91%
feeling
89%
foreign
89%
grace
89%
it
89%
place,
89%
place
89%
saving
89%
she
89%
we
89%
could
86%
Made
86%
made
86%
When
86%
bet
83%
days
83%
heart
83%
if
83%
I'm
83%
New
83%
people
83%
They
83%
they
83%
Year's
83%
you're
83%
all
80%
believe
80%
better
80%
by
80%
even
80%
million
80%
no
80%
own
80%
she'd
80%
stealing
80%
sure
80%
these
80%
told
80%
have
77%
much
77%
true
77%
cake
74%
don't
74%
hands
74%
holding
74%
little
74%
memories
74%
ready
74%
romance
74%
stay
74%
there's
74%
touch
74%
wanted
74%
achieved
71%
away
71%
But
71%
couldn't
71%
easy
71%
get
71%
hope
71%
icing
71%
just
71%
Make
71%
mean
71%
mistake,
71%
Shown
71%
wait
71%
excitement
69%
eyes
69%
promises,
69%
too
69%
bit
66%
far
66%
Juliet
66%
Oh,
66%
somehow
66%
Well,
66%
can't
63%
fierce
63%
bright,
60%
impress
57%

Score Distribution

Percentile by Number Answered

Percent of People with Each Score

Your Score History

You have not taken this quiz